Rajanikanta Bardalair upanyas (Record no. 2943)

MARC details
000 -LEADER
fixed length control field 00508cam a2200193ua 4500
008 - FIXED-LENGTH DATA ELEMENTS--GENERAL INFORMATION
fixed length control field 110928n ii |||gr||||Z||||||asm
020 ## - INTERNATIONAL STANDARD BOOK NUMBER
International Standard Book Number 81-7331-079-3
040 ## - CATALOGING SOURCE
Transcribing agency MAIN
082 ## - DEWEY DECIMAL CLASSIFICATION NUMBER
Classification number 891.4513
100 1# - MAIN ENTRY--PERSONAL NAME
Personal name Hazarika, Parikshit,
Relator term
245 11 - TITLE STATEMENT
Title Rajanikanta Bardalair upanyas
Statement of responsibility, etc. by Parikshit Hazarika
250 ## - EDITION STATEMENT
Edition statement 1st.
260 ## - PUBLICATION, DISTRIBUTION, ETC.
Place of publication, distribution, etc. Guahati:
Name of publisher, distributor, etc. Lawyers book stall,994.
300 ## - PHYSICAL DESCRIPTION
Extent 142p:
Dimensions 23cm.
942 ## - ADDED ENTRY ELEMENTS (KOHA)
Koha item type Books
653 ## - INDEX TERM--UNCONTROLLED
Uncontrolled term Assamese novel
653 ## - INDEX TERM--UNCONTROLLED
Uncontrolled term Rajanikanta Bardalair upanyas
Holdings
Withdrawn status Lost status Damaged status Not for loan Home library Current library Shelving location Date acquired Total Checkouts Full call number Barcode Date last seen Copy number Price effective from Koha item type Date last checked out
        Naharkatiya College Library Naharkatiya College Library General Stacks 19/09/2020   891.4513 | HAZ 7948 19/09/2020 2 19/09/2020 Books  
        Naharkatiya College Library Naharkatiya College Library General Stacks 19/09/2020 1 891.4513 | HAZ 7949 25/02/2023 1 19/09/2020 Books 20/02/2023

Naharkatiya College © 2020. All rights reserved.

Powered By